BIBLIOTECA PODER JUDICIAL
Portal Judicial TDF

Principios de ciencia política / (Registro nro. 367)

000 -LEADER
fixed length control field 00799nam a22001817a 4500
003 - CONTROL NUMBER IDENTIFIER
control field OSt
005 - DATE AND TIME OF LATEST TRANSACTION
control field 20220311104019.0
008 - FIXED-LENGTH DATA ELEMENTS--GENERAL INFORMATION
fixed length control field 180430b xxu||||| |||| 00| 0 spa d
040 ## - CATALOGING SOURCE
Transcribing agency PJ
100 ## - ASIENTO PRINCIPAL - NOMBRE DE PERSONA
9 (RLIN) 430
Personal name Lucas Verdú, Pablo
245 10 - MENCIÓN DE TÍTULO
Título propiamente dicho Principios de ciencia política /
Mención de responsabilidad, etc Pablo Lucas Verdú.
260 ## - PUBLICATION, DISTRIBUTION, ETC. (IMPRINT)
Place of publication, distribution, etc Buenos Aires :
Name of publisher, distributor, etc Tecnos,
Date of publication, distribution, etc 1969-1971.
300 ## - DESCRIPCION FISICA
Extent 3 v.
Dimensions 22 cm.
490 ## - MENCION DE SERIE
Mención de Serie Biblioteca universitaria
505 ## - FORMATTED CONTENTS NOTE
Formatted contents note v. 1: Introducción. Hombre y política. Ideologías, mitos y tecnocracia.<br/>v. 2: Estructura y dinámica políticas.<br/>v. 3: Estado contemporáneo y fuerzas políticas: (Partidos políticos, corrientes interpartidistas, asociaciones, clubs políticos, grupos de presión, propaganda política).<br/>
650 #0 - ASIENTO SECUNDARIO DE MATERIA - TERMINO TEMATICO
9 (RLIN) 348
Topical term or geographic name as entry element CIENCIAS POLITICAS
942 ## - ADDED ENTRY ELEMENTS (KOHA)
Source of classification or shelving scheme
Koha item type Libros
Classification part 32
Item part VER
Existencias
Withdrawn status Lost status Source of classification or shelving scheme Damaged status Not for loan Permanent Location Current Location Date acquired Serial Enumeration / chronology Full call number Barcode Date last seen Price effective from Koha item type
          Biblioteca Poder Judicial Sur Biblioteca Poder Judicial Sur 2018-04-30 V. 1 32 LUC 1686 2018-04-30 2018-04-30 Libros
          Biblioteca Poder Judicial Sur Biblioteca Poder Judicial Sur 2018-04-30 V. 2 32 LUC 1685 2018-04-30 2018-04-30 Libros
          Biblioteca Poder Judicial Sur Biblioteca Poder Judicial Sur 2018-04-30 V. 3 32 LUC 1684 2018-04-30 2018-04-30 Libros

12 de Octubre 789 Ushuaia - Tel:  54(02901)441571
Horario de Atención: 8.00 a 17.00 hs. 
bibliotecaush@justierradelfuego.gov.ar
koha@justierradelfuego.gov.ar
Seguinos en nuestras redes @bibliojustdf 

Con tecnología Koha